Norma Chilena Oficial NCh 2233. Of97 ISO 7966

Saved in:
Bibliographic Details
Corporate Author: Instituto Nacional de Normalización (Author)
Format: Book
Language:Spanish
Published: Santiago Instituto Nacional de Normalización 1997
Edition:1a. ed
Subjects:
Tags: Add Tag
No Tags, Be the first to tag this record!

MARC

LEADER 00000nam a2200000 a 4500
001 UCK6861
003 CL-VaPUC
008 051021e19970000CL |||||||||||||||||spa|d
082 0 4 |a 658.562  |b INS  |2 21 
110 2 |a Instituto Nacional de Normalización  |e author  |9 496347 
245 1 0 |a Norma Chilena Oficial NCh 2233. Of97 ISO 7966 
246 1 0 |a Gráficos de control de aceptación 
250 |a 1a. ed 
300 |a 33 p 
942 |c BK 
945 |d 20051021 00:00:00  |a cmena 
260 |a Santiago  |b Instituto Nacional de Normalización  |c 1997 
650 0 |a Control de calidad   |9 259714 
650 0 |a Métodos estadísticos   |9 259407 
650 0 |a Calidad total  |9 259929 
650 0 |a Estadística matemática  |9 260028 
650 0 |a Teoría de probabilidades   |9 336944 
650 0 |a Gráficos   |9 351109 
583 |a last modification  |c 20051021 00:00:00  |k Rodrigo Vera 
999 |c 315003  |d 315001 
952 |0 0  |1 0  |4 0  |6 658_562000000000000_INS_1997  |7 0  |8 A  |9 387886  |a BIBALI  |b BIBALI  |c REF  |d 2019-11-22  |i 4122879  |o 658.562 INS 1997  |p 4122879  |r 2025-01-20  |w 2019-11-22  |y BK_F  |k ALI